000 00396nam a2200169Ia 4500
008 230524s9999 xx 000 0 und d
020 _a8123904118
082 _a681.76
_bCHA
100 _aWAJ Champan
245 0 _aWorkshop Technology Part-II
250 _a4TH
260 _aNEW DELHI
_bCBS
_c1995
300 _aXI;412
500 _aQuantity Number: 19
650 _aWorkshop
942 _cBK
999 _c26526
_d26526